| 000 | 00670nam a22002177a 4500 | ||
|---|---|---|---|
| 003 | KOHA_MİRAKIL | ||
| 005 | 20260330094813.0 | ||
| 008 | 260330b tu ||||| |||| 00| 0 tur d | ||
| 020 | _a9786253793876 | ||
| 040 |
_aTR-AnABB _btur _cTR-AnABB |
||
| 041 | _atur | ||
| 082 |
_a808.06831 _bTUR 2025 |
||
| 100 | 1 | _aTuran, Tuğba | |
| 245 | 1 | 0 |
_aSafranbolu'dan Bodrum'a Zeki Müren'le bin kilometre / _cTuğba Turan |
| 260 |
_aİstanbul : _bKitap Yurdu Doğrudan Yayıncılık, _c2025 |
||
| 300 |
_a45 sayfa ; _c19 cm |
||
| 500 | _aYazar imzalı | ||
| 650 | 0 | 4 | _aTürk edebiyatı, çocuk hikayeleri |
| 900 | _bCan ÇELIK | ||
| 942 |
_2ddc _cBK |
||
| 999 |
_c10066 _d10066 |
||